Xây dựng môi trường văn hóa sư phạm - Biện pháp quan trọng trong nâng cao chất lượng dạy học ở các trường Đại học, Cao đẳng hiện nay /

Guardado en:
Detalles Bibliográficos
Autor principal: Nguyễn Tuấn Lê.
Formato: Artículo
Lenguaje:Vietnamese
Materias:
Etiquetas: Agregar Etiqueta
Sin Etiquetas, Sea el primero en etiquetar este registro!
Thư viện lưu trữ: Thư viện Trường Đại học Đà Lạt
LEADER 00989nam a2200277 4500
001 DLU180186722
005 ##20180905
040 # # |a DLU  |b vie 
041 # # |a vie 
044 # # |a vn 
100 # # |a Nguyễn Tuấn Lê. 
245 # # |a Xây dựng môi trường văn hóa sư phạm - Biện pháp quan trọng trong nâng cao chất lượng dạy học ở các trường Đại học, Cao đẳng hiện nay /  |c Nguyễn Tuấn Lê. 
653 # # |a Môi trường văn hóa 
653 # # |a Nâng cao chất lượng 
653 # # |a Xây dựng môi trường 
773 # # |t Tạp chí dạy và học ngày nay  |g Số 4, 2015, tr. 
773 # # |t Tạp chí dạy và học ngày nay  |g Số 4, 2015, tr. 51-52 
920 # # |a Phòng Tạp chí -- Trung tâm Thông tin - Thư viện Trường Đại học Đà Lạt 
994 # # |a DLU 
900 # # |a True 
911 # # |a Trần Thị Minh Hương 
925 # # |a G 
926 # # |a A 
927 # # |a BB 
980 # # |a Thư viện Trường Đại học Đà Lạt